Synergistic effect of sunflower oil and soybean oil as alternative processing oil in the development of greener tyre tread compound (Record no. 74906)

MARC details
000 -LEADER
fixed length control field 01975nam a22002177a 4500
100 ## - MAIN ENTRY--AUTHOR NAME
Personal name Mohamed, N R
245 ## - TITLE STATEMENT
Title Synergistic effect of sunflower oil and soybean oil as alternative processing oil in the development of greener tyre tread compound
260 ## - PUBLICATION, DISTRIBUTION, ETC. (IMPRINT)
Name of publisher Journal of Rubber Research, 25(#): 239-249.
Year of publication 2022
300 ## - PHYSICAL DESCRIPTION
Other physical details August
520 ## - SUMMARY, ETC.
Summary, etc Bio-based oil is an evolving oil with the potential to replace mineral oil from petroleum as a plasticiser in elastomers. Mineral oil has been described as environmentally harmful and derived from a non-renewable resource. Hence, this study investigates the potential of sunflower oil and soybean oil as bio-based processing oils in producing greener tyre treads. The ternary rubber blends with alternative processing oil (sunflower oil and soybean oil) were compared to a standard rubber vulcanizate containing petroleum-based mineral oil. Resultantly, the cure time and rheometric torque of bio-based oils were equivalent to mineral oil. However, a modest increase in the scorching time indicated that both bio-based oil compounds offer better processing safety and have lower crosslinking density than mineral oil. The sunflower oil compound reflected better tensile strength and abrasion resistance compared to the standard rubber vulcanizate with increments of up to 20.42 MPa and 227, respectively. Meanwhile, soybean oil significantly increased in tear strength up to 98.36 N/mm and offered a good fuel efficiency. Mineral oil compounds revealed a comparable dynamic mechanical performance in the elastic response under dynamic deformation and skid resistance compared to bio-based oil compounds.
650 ## - SUBJECT ADDED ENTRY--TOPICAL TERM
Topical Term Ternary rubber blends
650 ## - SUBJECT ADDED ENTRY--TOPICAL TERM
Topical Term Tyre tread
650 ## - SUBJECT ADDED ENTRY--TOPICAL TERM
Topical Term Bio-based oil
650 ## - SUBJECT ADDED ENTRY--TOPICAL TERM
Topical Term Sunflower oil
650 ## - SUBJECT ADDED ENTRY--TOPICAL TERM
Topical Term Soybean oil
650 ## - SUBJECT ADDED ENTRY--TOPICAL TERM
Topical Term Dynamic mechanical analysis (DMA)
700 ## - ADDED ENTRY--PERSONAL NAME
Personal name Othman, N
700 ## - ADDED ENTRY--PERSONAL NAME
Personal name Shuib, R K
856 ## - ELECTRONIC LOCATION AND ACCESS
Uniform Resource Identifier https://doi.org/10.1007/s42464-022-00168-1
942 ## - ADDED ENTRY ELEMENTS (KOHA)
Koha item type Journals
Holdings
Withdrawn status Lost status Damaged status Not for loan Home library Current library Date acquired Koha item type
        RRII Library RRII Library 20/12/2022 Journals